00479 2200169 4500001002100000005001500021035002000036007000300056008004100059082001000100084001600110100002200126245007900148260001200227300005200239600001800291INLIS00000000000163320230710012541 a0010-0723000010ta230710 b 0 ind  a398.2 a398.2 NUR k0 aNuruddin al- Haqq1 aKumpulan Dongeng :bAnak Dunia Terbaik Sepanjang masa /cNuruddin al- Haqq aJakarta a128 Halaman :bilustrasi berwarna ;c24 x 16 cm 4aCerita Rakyat